000 01515cam a22004334i 4500
003 PE-LiUPU
005 20250731173006.0
008 150623s r 000 0 d
035 _a(Sirsi) a22073
040 _aPE-LiUPU
_bspa
_cPE-LiUPU
_erda
082 0 4 _a261.1
_bG96T
_221
100 1 _aGutiérrez, Gustavo,
_eautor.
245 1 0 _aTeología de la liberación :
_bperspectivas /
_cGustavo Gutiérrez.
264 1 _aLima :
_bCentro de Estudios y Publicaciones,
_c1991.
300 _a439 páginas ;
_c19 cm.
336 _atext
_2rdacontent
337 _aunmediated
_2rdamedia
338 _avolume
_2rdacarrier
490 0 _aCEP ;
_v3
504 _aIncluye bibliografía.
505 0 _aTeología y liberación. -Planteamiento del problema. -La opción de la iglesia latinoamericana. -Perspectivas. -Comunidad cristiana y nueva sociedad.
526 _aSEG42
526 _aSEG41
526 _aSEG40
526 _aSEG39
526 _aP94
526 _aP87
526 _aP86
526 _aP85
526 _aP77
526 _aP76
526 _aP35
650 0 4 _aTeología de la liberación.
942 _2ddc
_cBOOK
949 _a261.1 G96T
_wDEWEY
_c1
_i45737
_lCCODEBUL1
_mBUL
_p00.00
_r0
_sY
_tBOOK
_u2015-06-24
_xTEOLOGIA
_PP35
_0COMPRA
_o.STAFF. Colección General
596 _a1
999 _a261.1 G96T
_wDEWEY
_c22605
_i45737
_f2021-11-12
_g5
_lCCODEBUL1
_mBUL
_r0
_sY
_tBOOK
_u2015-6-24
_xTEOLOGIA
_PP35
_0COMPRA
_o.STAFF. Colección General
_d22605
980 _81
_gALBERTO SANCHEZ Responsable de Automatización